000 00643nam a2200205Ia 4500
003 GCL
008 140319s9999 xx 000 0 ara d
020 _a8181409977
040 _aGCL /
_cGCL
082 0 4 _a780.92
_bر م
100 1 _aرتيبة الحفنى
245 1 0 _aمحمد القصبجى الموسيقى العاشق /
_cرتيبة الحفنى
250 _aالاولى
260 _aالقاهرة :
_bدار الشروق ،
_c2006
300 _a200 ص ؛
_c24 سم
650 0 4 _aالموسيقيون المصريون
650 0 4 _aالفنانون المصريون
650 0 4 _aمحمد القصبجى
942 _2ddc
_cBK
999 _c9576
_d9576